Religion Quiz

Random Religion or Bible Quiz

Bible Books in Sentences Quiz Stats

 Plays Quiz Updated Feb 28, 2020

Support Sporcle.
Go Orange.
Score 0/16 Timer 07:00
0 Plays Today
Sentence Bible Book % Correct
Nurse Bratwurst said with a bit too much relish: 'It's time to numb Ershova's nipple for the piercing.'Numbers
89.6%
Wendy wanted to get a very small uke for her Southern Jamboree Square Dancing Barbie.Luke
84.5%
With an axe clenched in each fist, mighty Matt hewed through the forest like a termite through balsa.Matthew
74%
CJ Buck, attorney at law, was determined to prove RBS Exterminating negligible in the death of Mittens.Proverbs
66.9%
Col. Ossi Ansbarger remained silent and stoic as Dr. Horse filled all three of his cavities.Colossians
65.3%
Mr. Willip was hoping to join Mrs. Willip, Sal, Ms. Mint, and the plumber at the gallery.Psalms
64.3%
Valencia didn't think the Castro mansion should be converted into a cigar-wrapping factory.Romans
63%
Gerhardt was aghast that young Johann would freeze Kielbasa after cooking it.Ezekiel
63%
Sentence Bible Book % Correct
Baily spotted Herb and Venus at the 'Death to Disco' fundraiser, but didn't see Les there.Esther
58.5%
Chub's favorite teacher was Miss Polenta because she brews her own 'beer-shine' from scratch. Hebrews
57%
'I don't know what Gene's issue is with the cobra,' said a puzzled Patty. 'It just likes to snuggle.'Genesis
56.9%
Bond kept an eye trained on Oddjob's bowler as he tried to lure Goldfinger's henchman into the brine.Job
53.3%
Vittorini's premier dish was Spaghetti Tuscany – which featured beef from the Chiana Valley.Titus
44.4%
Gerda loved to lather jam, especially seedless grape, on her liverwurst sandwiches.James
38.9%
Ever since her garden was featured in 'Today's Hoe,' Mrs. Plimp was known as the 'Lilac Tsar.'Acts
38.7%
Senator Binkle chose a puppy, not a baby, to kiss in the aftermath of his recent PETA comments.Hosea
26.8%

From the Vault

Bald and Loving It!

by BanjoZebra

20 people who don't mind showing off a little skull.
Remove Ads.
Support Sporcle.
Get the best of Sporcle when you Go Orange. This ad-free experience offers more features, more stats, and more fun while also helping to support Sporcle. Thank you for becoming a member.

Show Comments

Extras

Top Quizzes Today


Score Distribution

Your Account Isn't Verified!

In order to create a playlist on Sporcle, you need to verify the email address you used during registration. Go to your Sporcle Settings to finish the process.

Report this User

Report this user for behavior that violates our Community Guidelines.

Details: